| 000 | 00479nam a2200205Ia 4500 | ||
|---|---|---|---|
| 008 | 170918s9999 xx 000 0 und d | ||
| 020 | _a9780545097888 | ||
| 050 | _bM554 2007 | ||
| 100 | _aMercer, Sienna | ||
| 245 | _aSwitched / | ||
| 245 | _cSienna Mercer. | ||
| 260 | _aNew York : | ||
| 260 | _bScholastic, | ||
| 260 | _c2007 | ||
| 300 | _a199 pages : | ||
| 300 | _bcolored illustration ; | ||
| 300 | _c19cm. | ||
| 440 | _aMy sister the vampire. | ||
| 500 | _a650 | ||
| 999 |
_c341806 _d341806 |
||